Central Library OPAC University of Rajshahi
Normal view MARC view

Entry Geographic Name

Number of records used in: 5

001 - CONTROL NUMBER

  • control field: 9152

003 - CONTROL NUMBER IDENTIFIER

  • control field: BD-RjUL

005 - DATE AND TIME OF LATEST TRANSACTION

  • control field: 20230924124225.0

008 - FIXED-LENGTH DATA ELEMENTS

  • fixed length control field: 230924|| aca||aabn | a|a d

040 ## - CATALOGING SOURCE

  • Original cataloging agency: BD-RjUL
  • Transcribing agency: BD-RjUL

151 ## - HEADING--GEOGRAPHIC NAME

  • Geographic name: India
  • General subdivision: History
  • Chronological subdivision: British occupation, 1765-1947

670 ## - SOURCE DATA FOUND

  • Source citation: Work cat.: (BD-RjUL)81975: انگرىزى عہد مىں ہندوستان کے تمدن کى تارىخ ;; Ali, Abdullah Yusuf, 1872-1952, author. 9150, انگريزى عهد ميں هندوستان کے تمدن کى تاريخ /‏ ;; Angrezī ʻahd men̲ Hindūstān ke tamadun kī tārīk̲h̲ /